| 000 | 00679nam a2200217 a 4500 | ||
|---|---|---|---|
| 001 | 13880 | ||
| 003 | BD-JhCC | ||
| 005 | 20240511102555.0 | ||
| 008 | 230716s2014 bg |||| ||a| 000 0 ben d | ||
| 020 | _a98440400336 | ||
| 035 | _a(BD-JhCC)13880 | ||
| 040 |
_aBD-JhCC _dBD-JhCC |
||
| 041 | _aben | ||
| 082 |
_a510 _bFAR 2014 |
||
| 100 | _aফারুক, জাবাইর | ||
| 245 |
_aআরও ৫০৫ গাণিতিক কুইজ / _cজোবাইর ফারুক |
||
| 260 |
_aঢাকা : _bঅনুপম প্রকাশনী, _c২০১৪. |
||
| 300 |
_a১৬০ পৃ. : _c২১ সেমি. |
||
| 650 | _aMathematices | ||
| 942 |
_2ddc _cBK |
||
| 999 |
_c13880 _d13880 |
||